Регионална библиотека "Любен Каравелов" - Русе

Специализирана енциклопедия на лечебните растения в България (Запис номер 55707)

MARC детайли
000 -Лидер
Контролно поле с фиксирана дължина 02656nam a2200433 c 4500
003 - Код на организацията, давaща контролен номер
Контролно поле BLK
005 - Дата и час на последна редакция
Контролно поле 20250422174824.0
008 - Елементи от данни с фиксирана дължина
fixed length control field 180408b bul|||||r ||||||| ||bul||
010 ## - Наследен системен номер
LC control number KNG00059679000
020 ## - Международен стандартен номер на книга ISBN
Международен стандартен номер на книга ISBN 954-8104-14-8
-- издат.: Бълг. енциклопедия БАН - (Бълг. енциклопедия БАН)
020 ## - Международен стандартен номер на книга ISBN
Международен стандартен номер на книга ISBN 954-528-555-9
-- издат.: Труд - (Труд )
040 ## - Източник на каталожния запис
Идентификатор на билиотеката - собственик на записа BLK
041 ## - Код за език
Код за езика на текст/звукозапис или на отделно заглавие Български
Код за езика КДБФ Български
072 #7 - Код за тематичната категория
Код организация bullib
Код за тематична категория Л0101
Текст Билколечение. Природолечение. Народна медицина
080 ## - УДК
Текстов определител УДК Приложна ботаника. Икономическа ботаника. Диворастящи лекарствени растения и др.
УДК код - определител по УДК 581.6
УДК определител (497.2)(031)
УДК - код + определител 581.6(497.2)(031)
080 ## - УДК
Текстов определител УДК Лекарствени средства от растителен произход. Подразделя се със знак за отношение :582; :633/635; :665.3
УДК код - определител по УДК 615.322
УДК определител (031)
УДК - код + определител 615.322(031)
139 ## - Редно поле
Редна дума Специализирана енциклопедия на лечебните растения в България
Авторски знак Спе - С 56
245 10 - Сведения за заглавието
Заглавие Специализирана енциклопедия на лечебните растения в България
Редно поле (дума) глав. ред. Стефан Димитров Николов.
257 ## - Страна на издаване
Страна на създаване/издаване България
260 ## - Област на издателските данни
-- София
Име на издателя, разпространителя и проч. Бълг. енциклопедия БАН
-- Труд
Година на издаване 2006
Печатница В. Търново : Абагар
300 ## - Физическа характеристика
Страници 567 с.
Илюстрации и др. с ил., 10 л. : цв. ил.
Размери/Мащаб 24 см
380 ## - Жанр
Жанр Естествени науки. Математика
500 ## - Общи забележки
Забележка Изд. на БАН. Научноинформ. център Бълг. енциклопедия, Мед. унив. Фармацефтичен фак. - Офс. изд. - Съдържа и Справочник на медицинските термини ; Справочник на химическите термини. - Азб. показалец.
650 #4 - Допълнително описание по предмет – тема
Основно описание – тема или топоним Медицински растения - България - свойства и приложение
9 (RLIN) 264197
650 #4 - Допълнително описание по предмет – тема
Основно описание – тема или топоним Фитотерапия - енциклопедии и справочници
9 (RLIN) 244306
653 ## - Ключова дума – ненормативна
Ключова дума лечебни растения
653 ## - Ключова дума – ненормативна
Ключова дума медицински растения
653 ## - Ключова дума – ненормативна
Ключова дума фитотерапия
653 ## - Ключова дума – ненормативна
Ключова дума България
653 ## - Ключова дума – ненормативна
Ключова дума енциклопедии
659 ## - Тематичен бюлетин
Тематичен бюлетин Л
700 1# - Други автори (авторска отговорност)
Лично име Николов, Стефан Димитров
Автороска отговорност (Описва отношението между автора и произведението) глав. ред.
9 (RLIN) 286375
852 ## - Местоположение
Форматна сигнатура Цб 227732
856 4# - Електронен адрес и достъп
Електронен формат pdf - файл
Път до файла /url/
856 4# - Електронен адрес и достъп
Електронен формат pdf - файл
Път до файла /url/
942 ## - АРТИКУЛИ
Вид на библиотечния материал Книги
Скрит в OPAC Не
Koha issues (borrowed), all copies 5
944 ## - СЪЗДАВАНЕ И РЕДАКЦИЯ на ЗАПИСА
Създаване/Редакция Създаване
Дата на регистрацията/редакция 31.05.2006
Служител, извършил регистрацията/редакцията 30576
Статус, дата на статуса Цветомила Тодорова
944 ## - СЪЗДАВАНЕ И РЕДАКЦИЯ на ЗАПИСА
Създаване/Редакция Редакция
Дата на регистрацията/редакция 02.10.2012
Служител, извършил регистрацията/редакцията
999 ## - СИСТЕМНИ КОНТРОЛНИ НОМЕРА
Koha biblionumber 55707
Koha biblioitemnumber 55707
Наличности
Код за отписване Код за изгубен артикул Източник на класификационната схема Код за повреда Коз за рестрикции Код за отдаване Артикулен № Име на библиотеката - собственик Име на библиотеката, в която се намира в момента Статус (Текущо местоположение) Дата на вписване в системата Местоположение - отдел Цена в лева Инвентарен номер Систематично азбучна сигнатура Баркод Номер на екземпляра Цена в евро Служебна бележка Служебен тип на артикула
  Не е изгубен Universal Decimal Classification Не е повреден без рестрикции ползва се в читалня 87705 Регионална библиотека "Любен Каравелов" Русе Регионална библиотека "Любен Каравелов" Русе Читалня - справочен фонд 2006-05-30 Читалня 29.99 120000702589 СЧ 581/С 56 120000702589 1 15.33 Дост: Pk Вид: Ф N: 41136 Дата: 29.05.2006 Дата инв: 16.03.2017 Бележки инв: СЧ2017 Книги
  Не е изгубен Universal Decimal Classification Не е повреден без рестрикции заемане за дома 87706 Регионална библиотека "Любен Каравелов" Русе Регионална библиотека "Любен Каравелов" Русе Заемна - подръчен фонд 2007-10-11 Заемна - подръчен фонд 29.99 120000718044 П 581/С 56 120000718044 2 15.33 Дост: Pk Вид: Ф N: 9218 Дата: 01.10.2007 Дата инв: 16.02.2018 Бележки инв: СП2018 Книги
  Не е изгубен Universal Decimal Classification Не е повреден без рестрикции заемане за дома 87707 Регионална библиотека "Любен Каравелов" Русе Регионална библиотека "Любен Каравелов" Русе Заемна - подръчен фонд 2007-10-11 Заемна - подръчен фонд 29.99 120000718045 П 581/С 56 120000718045 3 15.33 Дост: Pk Вид: Ф N: 9218 Дата: 01.10.2007 Дата инв: 16.02.2018 Бележки инв: П2018 Книги
Vip Innovations Ltd, Rousse, Bulgaria 2025